000 00735nam a2200181 a 4500
001 000014302
005 20240307073946.0
008 091209s1997 dr r 000 0 spa d
040 _aDO-SdBNP
_bspa
_cBNPHU
082 _axxx
_bI48a
245 0 0 _aInforme anual 1996 :
_bevaluación de la economía dominicana 1996 y sus perspectivas /
_cpresentación Porfirio García Fernández.
260 _aSanto Domingo :
_bUASD,
_c1997.
300 _a70 p. ;
_c21 cm.
490 1 _aPublicaciones de la Universidad Autónoma de Santo Domingo
_v808
700 1 _aGarcía Fernández, Porfirio
_epres.
_917488
710 1 _aUniversidad Autónoma de Santo Domingo
_972951
830 0 _aPublicaciones de la Universidad Autónoma de Santo Domingo
_n808
_932261
999 _c13898
_d13898